Γεωλογία της νήσου Ικαρίας

Saved in:
Bibliographic Details
Main Author: Κτενάς, Κωνσταντίνος Α.
Format: Book
Language:Greek
Published: Αθήνα : Ινσίτούτον Γεωλογίας και Ερευνών Υπεδάφους, 1969
Series:Γεωλογικαί και γεωφυσικαί μελέται ; ; 2
Subjects:
Tags: Add Tag
No Tags, Be the first to tag this record!

MARC

LEADER 00000nam a2200000 i 4500
001 1/9126
008 970122s1969 gre d
035 |l 10017358 
040 |a GR-MY-UA  |b gre  |e aacr 
041 0 |a gre 
082 0 |a 554.99 
100 1 |a Κτενάς, Κωνσταντίνος Α. 
245 1 0 |a Γεωλογία της νήσου Ικαρίας /  |c Κωνστ. Α. Κτένα 
260 |a Αθήνα :   |b Ινσίτούτον Γεωλογίας και Ερευνών Υπεδάφους,   |c 1969 
300 |a 84 σ.  |b χαρτ.; σχεδ. 
490 1 |a Γεωλογικαί και γεωφυσικαί μελέται  |v ; 2 
650 0 0 |a Geology  |z Greece  |z Ikaria Island. 
830 0 |a Γεωλογικαί και γεωφυσικαί μελέται ;  |v ; 2 
852 |a INST  |b LESVOS  |e 19970122  |h 554.99 ΚΤΕ  |p 005100012209  |q 005100012209  |t BK  |y 0 
909 |a Λ  |b 049430 
922 |a 1ΔΩΡ  |b 199701